Transformácia tepelnej energie v samoťažnej slučke s feromagnetickou kvapalinou

Enregistré dans:
Détails bibliographiques
Auteur principal: Jaček, Radomír (Auteur)
Autres auteurs: Világi, František (Directeur de thèse)
Format: Manuscrit Livre
Langue:slovaque
Publié: 2023
Sujets:
Accès en ligne:http://is.stuba.sk/zp/portal_zp.pl?podrobnosti=170216
Tags: Ajouter un tag
Pas de tags, Soyez le premier à ajouter un tag!

MARC

LEADER 00000ntm a22000003a 4500
001 stuzp93924
003 SK-STU
005 20231218105643.6
007 ta
008 150427s2015----xo-----f-mn---000-0-slo-d
040 |a STU  |b slo 
041 0 |a slo 
100 1 |a Jaček, Radomír  |u 020060  |k Z9  |4 aut  |U SjF Strojnícka fakulta  |T SjF Ústav energetických strojov a zariadení  |X 93093  |U J0060  |Y 805  |7 93093 
242 0 1 |a Thermal energy transformation in a natural circulation loop with a ferromagnetic liquid  |y eng 
245 1 0 |a Transformácia tepelnej energie v samoťažnej slučke s feromagnetickou kvapalinou 
260 |c 2023 
650 4 |a Feromagnetická kvapalina  |2 slo 
650 4 |a samoťažná slučka  |2 slo 
650 4 |a transformácia tepelnej energie  |2 slo 
650 4 |a ferromagnetic liquid  |2 eng 
650 4 |a transformation of thermal energy  |2 eng 
650 4 |a natural circulation loop  |2 eng 
700 1 |a Világi, František  |u 020060  |k Z1  |4 ths  |U SjF Strojnícka fakulta  |T SjF Ústav energetických strojov a zariadení  |X 68944  |U J0060  |Y 805  |7 A000068944 
856 4 |u http://is.stuba.sk/zp/portal_zp.pl?podrobnosti=170216 
996 |b 284J047293  |c J* 3533/DDP  |l JJSK  |s A  |a 24  |w stuzp93924_0001